00698nam a2200229 a 450000500170000000800410001704000250005804100080008304400070009108200210009810000180011924501080013726000490024530000110029465000250030565000240033065000360035465000270039065000180041766200130043570000200044820200104041518.0140225b1997 gw ||||| |||| 00| 0 eng d aCO-BoIAVHcCO-BoIAVH aeng agx aLB-581.943bL27t aLange, Dagmar aTrade survey of medicinal plants in Germanyba contribution to international plant species conservation aMünsterbBundesamt für Naturschutzc1997 a160 p. aComercio de especies aPlantas medicinales aConservación de biodiversidad aComercio internacional aLegislación aAlemania aSchippmann, Uwe